[Event "BL9697 (Women)"]
[Site "Germany"]
[Date "1997.??.??"]
[Round "?"]
[White "Goehler, Antje"]
[Black "Koglin, Anke"]
[Result "1-0"]
[WhiteElo "2140"]
[BlackElo "2210"]

1.d4 d5 2.c4 e6 3.Nc3 Be7 4.Nf3 Nf6 5.Bf4 O-O 6.e3 c5 7.dxc5 Bxc5 8.Qc2 Nc6
9.Rd1 Qa5 10.a3 Be7 11.Nd2 e5 12.Bg5 d4 13.Nb3 Qd8 14.Be2 Be6 15.O-O Rc8
16.exd4 Nxd4 17.Nxd4 exd4 18.Nb5 Qa5 19.Bxf6 Bxf6 20.Nxd4 Bd7 21.Qd3 Rfd8
22.b4 Qc7 23.Qc2 g6 24.c5 Be5 25.Nf3 Bf6 26.Qb3 Bf5 27.Rxd8+ Rxd8 28.Rd1 Rxd1+
29.Qxd1 Qf4 30.g3 Qe4 31.Nd2 Qd4 32.Nc4 Qc3 33.Nd6 Qxa3 34.Bc4 Qxb4 35.Bxf7+ Kg7
36.Bd5 Bd4 37.Qe2 Qxc5 38.Qe7+ Kh6 39.Qh4+ Kg7 40.Qe7+ Kh6 41.Qf8+ Kh5 42.Bf3+ Bg4
43.Bxg4+ Kxg4 44.Qf4+  1-0

[Event "Bundesliga 9798"]
[Site "Germany"]
[Date "1997.??.??"]
[Round "?.3"]
[White "Hellsten, Johan"]
[Black "King, Daniel J"]
[Result "0-1"]
[WhiteElo "2495"]
[BlackElo "2530"]

1.d4 Nf6 2.c4 e6 3.Nf3 d5 4.Nc3 Be7 5.Bf4 O-O 6.e3 c5 7.dxc5 Bxc5 8.a3 Nc6
9.Be2 dxc4 10.Bxc4 Nh5 11.Bg5 Qxd1+ 12.Rxd1 h6 13.Bh4 g5 14.Bg3 Nxg3 15.hxg3 Kg7
16.Ne4 Be7 17.g4 Rd8 18.Rxd8 Nxd8 19.Ng3 Bd7 20.Ke2 Nc6 21.Bd3 Rc8 22.Nh5+ Kf8
23.Ng3 Kg7 24.Nh5+ Kg8 25.Rd1 Be8 26.e4 f6 27.Bc4 Kf7 28.Ba2 Rd8 29.Ng3 Rxd1
30.Kxd1 Bc5 31.Nf5 Bd7 32.Ke2 Kf8 33.Ne3 Ke7 34.Kd2 b5 35.Ne1 Ne5 36.f3 a5
37.N1c2 a4 38.Kc3 Ng6 39.g3 Bd6 40.Nf1 Be5+ 41.Nd4 Kd6 42.Kd3 Ne7 43.Ke3 Nc8
44.Kd3 Nb6 45.b3 axb3 46.Bxb3 Na4 47.Ke3 Ke7 48.f4 Bd6 49.Nc2 Bc5+ 50.Kd2 Bc6
51.f5 e5 52.Bd5 Bxd5 53.exd5 Kd6 54.Kd3 Kxd5 55.Nce3+ Kc6 56.Nc2 Nb2+ 57.Kc3 Nd1+
58.Kb3 Kd5 59.Nb4+ Kd4 60.Kc2 Bxb4 61.Kxd1 Bxa3 62.Ke2 Bb4 63.Ne3 Bc5 64.Nf1 b4
65.Nd2 Bb6 66.Kf3 Kd3 67.Ne4 b3  0-1

[Event "BL2-W9697"]
[Site "Germany"]
[Date "1997.??.??"]
[Round "?.8"]
[White "Novak, P."]
[Black "Schlecht, Daniel"]
[Result "1/2-1/2"]
[WhiteElo "2215"]
[BlackElo "2225"]

1.d4 Nf6 2.c4 e6 3.Nf3 d5 4.Nc3 Be7 5.Bf4 O-O 6.e3 c6 7.Bd3 Nbd7 8.O-O dxc4
9.Bxc4 b5 10.Bd3 Bb7 11.Rc1 a6 12.Ne4 Nxe4 13.Bxe4 Rc8 14.Ne5 Nxe5 15.Bxe5 Qd7
16.h4 f6 17.Bg3 c5 18.Bxb7 Qxb7 19.dxc5 Bxc5 20.Qb3 Kf7 21.Rc3 Be7 22.Rfc1 Rxc3
23.Qxc3 Rd8 24.f3 Qd5 25.a3 Qd2 26.Be1 Qxc3 27.Rxc3 Rd1 28.Kf2 Rb1 29.Rc2 f5
30.Ke2 Bf6 31.Rc7+ Kg6 32.b4 Rb3 33.Rc6 Rxa3 34.Rxe6 Ra2+ 35.Kf1 Kh5 36.g3 h6
37.Rc6 Kg6 38.Rc5 Rb2 39.Rc6 Ra2 40.Rc5 h5  1/2-1/2

[Event "Bundesliga 9697"]
[Site "Germany"]
[Date "1997.??.??"]
[Round "?.7"]
[White "Van Wely, Loek"]
[Black "Sehner, Norbert"]
[Result "1-0"]
[WhiteElo "2645"]
[BlackElo "2390"]

1.d4 d5 2.c4 e6 3.Nc3 Nf6 4.Nf3 Be7 5.Bf4 c6 6.e3 Nbd7 7.h3 a6 8.c5 b5 9.Bd3 Nh5
10.Bh2 g6 11.g4 Ng7 12.Qc2 b4 13.Na4 a5 14.Qe2 f6 15.O-O-O O-O 16.Kb1 Ra7
17.Rc1 Re8 18.h4 e5 19.dxe5 fxe5 20.e4 Bf8 21.h5 Ne6 22.hxg6 hxg6 23.exd5 Nf4
24.Bxf4 exf4 25.Qc2  1-0

[Event "Oberliga Ost A9798"]
[Site "Germany"]
[Date "1997.??.??"]
[Round "?.1"]
[White "Eckhardt, Claudia"]
[Black "David, Rene"]
[Result "1/2-1/2"]
[WhiteElo "2160"]
[BlackElo "2260"]

1.Nf3 d5 2.d4 Nf6 3.c4 e6 4.Nc3 Be7 5.Bf4 O-O 6.e3 c5 7.dxc5 Bxc5 8.Qc2 Nc6
9.a3 Qa5 10.Rd1 Be7 11.Bd3 Bd7 12.O-O Rfd8 13.cxd5 exd5 14.Ne5 Be6 15.h3 Rac8
16.Nxc6 bxc6 17.Be5 h6 18.Bf5 Bxf5 19.Qxf5 Qb6 20.b4 a5 21.Rb1 axb4 22.axb4  1/2-1/2

[Event "NRW-Liga 9798"]
[Site "Germany"]
[Date "1997.??.??"]
[Round "1.2"]
[White "Steinbacher, Matthias"]
[Black "Meijers, Viesturs"]
[Result "1-0"]
[WhiteElo "2345"]
[BlackElo "2445"]

1.Nf3 Nf6 2.c4 e6 3.Nc3 d5 4.d4 Be7 5.Bf4 O-O 6.e3 b6 7.Rc1 Bb7 8.cxd5 exd5
9.Bd3 a6 10.Qb3 Nbd7 11.O-O Re8 12.Rfd1 g6 13.Na4 c6 14.Ne5 Nxe5 15.dxe5 Nd7
16.e4 Bf8 17.exd5 cxd5 18.e6 Rxe6 19.Rc7 b5 20.Bf1 Bc6 21.Qc2 Rc8 22.Rxc8 Qxc8
23.Nc3 Bb7 24.Qd3 Nf6 25.Ne2 Re8 26.Rc1 Qe6 27.Qd4 Ne4 28.Qa7 Ba8 29.Nd4 Qf6
30.Be3 h5 31.a4 bxa4 32.Bxa6 a3 33.bxa3 Bxa3 34.Rc8 Rxc8 35.Bxc8 Bc1 36.Qxa8 Bxe3
37.Bf5+ Kh7 38.fxe3 gxf5 39.Qxd5 Kg6 40.g3 Qg5 41.Kg2 Nf6 42.Qc5 Ng4 43.Nf3 Qf6
44.Nh4+ Kg5 45.Qc1 Qe7 46.e4+ Kf6 47.Qb2+ Qe5 48.Qb6+ Kg7 49.Nxf5+ Kh7 50.Qb7 Qe6
51.Qd5 Qf6 52.Qd4 h4 53.gxh4 Qxd4 54.Nxd4 Kg6 55.Kg3 Nf6 56.e5 Nd7 57.Kf4 Nc5
58.Kg4 Nd3 59.h5+ Kh6 60.Nf3 Nc5 61.Ng5 Nd7 62.Nxf7+ Kg7 63.e6 Nf6+ 64.Kg5 Ng8
65.Nd6  1-0

[Event "Groningen op"]
[Site "Groningen"]
[Date "1997.??.??"]
[Round "5"]
[White "Atalik, Suat"]
[Black "Nenashev, Alexander"]
[Result "0-1"]
[WhiteElo "2590"]
[BlackElo "2585"]

1.d4 Nf6 2.c4 e6 3.Nf3 d5 4.Nc3 Be7 5.Bf4 c5 6.dxc5 Bxc5 7.cxd5 exd5 8.e3 O-O
9.Be2 Nc6 10.O-O Be6 11.Rc1 Rc8 12.Qa4 Qe7 13.Bg5 h6 14.Bh4 Rfd8 15.Nb5 Bb6
16.Nbd4 Bd7 17.Bb5 Nxd4 18.Nxd4 Bxb5 19.Qxb5 Rxc1 20.Rxc1 g5 21.Bg3 h5 22.Nf5 Qe6
23.Nd4 Qe7 24.Qd3 h4 25.Nf5 Qe6 26.Nh6+ Kg7 27.Nf5+ Kh8 28.Nxh4 gxh4 29.Bxh4 Kg7
30.a4 Qg4 31.Bxf6+ Kxf6 32.Qc3+ d4 33.Qb4 Qg5 34.h4 Qxh4 35.a5 Rh8 36.Qd6+ Kg7
37.Kf1 dxe3 38.Qe5+ Kg6 39.fxe3 Bd8  0-1

[Event "Wichern op"]
[Site "Hamburg"]
[Date "1997.??.??"]
[Round "5"]
[White "Teske, Henrik"]
[Black "Martinovsky, Eugene"]
[Result "1-0"]
[WhiteElo "2515"]
[BlackElo "2345"]

1.c4 e6 2.Nf3 Nf6 3.d4 d5 4.Nc3 Be7 5.Bf4 a6 6.e3 dxc4 7.Bxc4 b5 8.Bb3 c5
9.Qe2 Bb7 10.O-O Nc6 11.dxc5 Bxc5 12.Rac1 Qe7 13.e4 Nd4 14.Nxd4 Bxd4 15.Nxb5 axb5
16.Rc7 Qxc7 17.Bxc7 O-O 18.Rd1 e5 19.Bxe5 Bxe5 20.Qxb5 Bxh2+ 21.Kxh2 Bxe4
22.f3 Rab8 23.Qe2 Bg6 24.Bc4 Rfe8 25.Qd2 Rec8 26.b3 h6 27.a4 Rc7 28.Qf4 Rcb7
29.Rd2 Ra8 30.Qe5 Kh7 31.a5 Be4 32.a6 Rba7 33.b4 Rc8 34.Be2 Bc6 35.Qf5+  1-0

[Event "SWE-ch"]
[Site "Haninge"]
[Date "1997.??.??"]
[Round "2"]
[White "Barkhagen, Jonas"]
[Black "Rylander, Dennis"]
[Result "1-0"]
[WhiteElo "2410"]
[BlackElo "2100"]

1.d4 Nf6 2.c4 e6 3.Nf3 d5 4.Nc3 Be7 5.Bf4 O-O 6.e3 c6 7.h3 Nbd7 8.Bd3 dxc4
9.Bxc4 Nd5 10.Bh2 b5 11.Bd3 Qa5 12.O-O Nxc3 13.bxc3 Bb7 14.Qc2 h6 15.a4 bxa4
16.Rxa4 Qh5 17.Qa2 c5 18.Be2 cxd4 19.cxd4 Qd5 20.Qxd5 Bxd5 21.Rfa1 Rfc8 22.Bg3 Nf6
23.Rxa7 Rxa7 24.Rxa7 Rc1+ 25.Kh2 Bb4 26.Ne5 Bd6 27.f3 Nh5 28.Rd7 Nxg3 29.Kxg3 Bc7
30.f4 Bxe5 31.fxe5 Rc3 32.Rd8+ Kh7 33.Rf8 Rxe3+ 34.Kf2 Ra3 35.Rxf7 Ra2 36.Ke3 Bxg2
37.Rf8 Bxh3 38.Bd3+ g6 39.Rf7+ Kg8 40.Bxg6 Rg2 41.Rf6 Kg7 42.Bf7 Rg3+ 43.Kd2 h5
44.Bxh5 Bf5 45.Rf7+ Kh6 46.Be2 Kg5 47.Bc4 Rg4 48.Kc3 Rh4 49.Re7 Rh6 50.Kb4 Kf4
51.Kc5 Ke3 52.Ba2 Bg4 53.Rg7 Bf3 54.Rf7 Bg4 55.Rf6 Rh4 56.Bxe6 Bxe6 57.Rxe6 Rxd4
58.Rh6 Rd8 59.e6 Ke4 60.e7 Re8 61.Kd6  1-0

[Event "Hanko We HangTS"]
[Site "Hanko"]
[Date "1997.??.??"]
[Round "2"]
[White "Molander, Riku"]
[Black "Tuominen, Risto"]
[Result "1/2-1/2"]
[WhiteElo "2200"]
[BlackElo "2160"]

1.d4 e6 2.c4 Nf6 3.Nf3 d5 4.Nc3 Be7 5.Bf4 O-O 6.e3 c5 7.cxd5 Nxd5 8.Nxd5 Qxd5
9.Bd3 cxd4 10.exd4 Nc6 11.h4 f5 12.Qe2 Bb4+ 13.Kf1 Nxd4 14.Nxd4 Qxd4 15.Be5 Qb6
16.Rd1 Be7 17.h5 h6 18.Bc4 Rd8 19.Rxd8+ Qxd8 20.Rh3 Bd7 21.Rg3 Bf8 22.Qd2 Kh7
23.Rd3 Qh4 24.Rxd7 Qxc4+ 25.Kg1 Re8 26.Rxb7 Qe4 27.Rb5 a6 28.Rb8 Rxb8 29.Bxb8 Qb1+
30.Kh2 Qxa2 31.Qd8 Bc5 32.Qe8 Qxb2 33.Qg6+ Kg8 34.Qxe6+ Kf8 35.Qxf5+ Ke8
36.Qe6+ Be7 37.Bd6 Qf6 38.Qc8+ Kf7 39.Bxe7 Qxe7 40.Qxa6 Qe5+ 41.Kg1 Qxh5
42.Qb7+ Kg8 43.g3 Qd1+ 44.Kg2 Qd3 45.Qa8+ Kh7 46.Qf3 Qxf3+ 47.Kxf3  1/2-1/2

[Event "HUN-chT 9798"]
[Site "Hungary"]
[Date "1997.??.??"]
[Round "?"]
[White "Lehoczki, Viktor"]
[Black "Horvath, Zoltan"]
[Result "1/2-1/2"]
[WhiteElo "2030"]
[BlackElo "2355"]

1.c4 e6 2.Nf3 d5 3.d4 Nf6 4.Nc3 Be7 5.Bf4 O-O 6.e3 c5 7.dxc5 Bxc5 8.Be2 Nc6
9.O-O a6 10.cxd5 Nxd5 11.Nxd5 exd5 12.Qb3 Na5 13.Qc3 Bb6 14.Rfd1 Be6 15.b3 Rc8
16.Qb2 Qe7 17.Rd2 Nc6 18.a3 a5 19.Ne5 f6 20.Nf3 Rfd8 21.h4 Bg4 22.Rad1 Bc5
23.Rxd5 Rxd5 24.Rxd5 Bxa3 25.Qd2 Be6 26.Rb5 Bb4 27.Qd1 Qf7 28.Bc4 Bxc4 29.bxc4 Qxc4
30.Rxb7 Ne7 31.Nd4 Qc1 32.Qxc1 Rxc1+ 33.Kh2 g6 34.Nb3 Rc2 35.Nxa5 Nd5 36.Nb3 Rxf2
37.Kg3 Rb2 38.Rb8+ Kf7 39.Nc5 Be1+ 40.Kf3 Rxb8 41.Bxb8 Bxh4 42.g3 Bg5 43.Bf4 Bxf4
44.exf4 h5 45.Ne4 Ke6 46.Nc5+ Kd6 47.Ne4+ Kc6 48.Nd2 Nc3 49.Nc4 Kd5 50.Nb6+ Kc6  1/2-1/2

[Event "HUN-chT 9798"]
[Site "Hungary"]
[Date "1997.??.??"]
[Round "?"]
[White "Soponyai, Tamas"]
[Black "Sulyok, Sandor"]
[Result "1-0"]
[WhiteElo "2150"]
[BlackElo "2310"]

1.d4 d5 2.Nf3 Nf6 3.c4 e6 4.Nc3 Be7 5.Bf4 c6 6.e3 Nbd7 7.cxd5 Nxd5 8.Nxd5 exd5
9.Bd3 Bb4+ 10.Nd2 Nf6 11.O-O Qe7 12.Rc1 O-O 13.h3 Bd6 14.Bxd6 Qxd6 15.Qc2 Be6
16.Nf3 Ne4 17.a3 Rae8 18.Ne5 f6 19.Nf3 Qd7 20.Kh2 Kh8 21.Nd2 Nxd2 22.Qxd2 Bf5
23.Bxf5 Qxf5 24.Qc2 Qd7 25.b4 a6 26.g3 Re4 27.Qc5 Rfe8 28.a4 h5 29.b5 axb5
30.axb5 cxb5 31.Rb1 h4 32.Rg1 Qf5 33.Rb2 hxg3+ 34.Rxg3 g5 35.Qxb5 R4e7 36.Qe2 Rh7
37.Qf3 Qe6 38.Kg2 Rd8 39.Qg4 Rd6 40.Rb5 Qxg4 41.Rxg4 b6 42.Kg3 Ra7 43.h4 gxh4+
44.Kxh4 Ra1 45.Rg3 Kh7 46.Kg4 Kg6 47.Kf4+ Kf7 48.Kf5 Rh1 49.Rb2 Rh2 50.Rg1 Re6
51.Rg7+ Kxg7 52.Kxe6 Kg6 53.Kxd5 Kf5 54.Kc6 Ke6  1-0

[Event "SLO-ch int blind"]
[Site "Izola"]
[Date "1997.??.??"]
[Round "?"]
[White "Heinich, Manfred"]
[Black "Mueller, M."]
[Result "1-0"]
[WhiteElo "2160"]
[BlackElo "2100"]

1.d4 Nf6 2.Nf3 e6 3.c4 d5 4.Nc3 Be7 5.Bf4 O-O 6.e3 b6 7.Qc2 c5 8.dxc5 bxc5
9.Rd1 Bb7 10.Be2 Nc6 11.O-O Qb6 12.cxd5 exd5 13.a3 Rac8 14.Bg5 Na5 15.Bxf6 Bxf6
16.Nxd5 Bxd5 17.Rxd5 Qxb2 18.Qxb2 Bxb2 19.a4 Rc7 20.Rb1 Bc3 21.Rc1 Bb4 22.Rb1 Nb7
23.Ne5 a5 24.Bc4 g6 25.Rbd1 Kg7 26.f4 Re8 27.Kf2 Ree7 28.R5d3 h5 29.Nxf7 Kf6
30.Ng5 Re8 31.e4 Rcc8 32.e5+  1-0

[Event "SLO-ch int blind"]
[Site "Izola"]
[Date "1997.??.??"]
[Round "?"]
[White "Schlierf, Andre"]
[Black "Drasch, Robert"]
[Result "1-0"]
[WhiteElo "2070"]
[BlackElo "2005"]

1.c4 e6 2.Nf3 d5 3.d4 Nf6 4.Nc3 Be7 5.Bf4 a6 6.e3 O-O 7.Rc1 Nbd7 8.Qc2 c6
9.b3 Qa5 10.Bd3 Ba3 11.Rd1 Bb4 12.Rc1 Ne4 13.Bxe4 dxe4 14.Ng5 e5 15.dxe5 Nxe5
16.Nxe4 Bf5 17.O-O Rfe8 18.Rfd1 Nd7 19.f3 Rad8 20.Qf2 Ba3 21.Rc2 Nc5 22.Rcd2 Nxe4
23.Nxe4 Rc8 24.Ng3 Bg6 25.e4 Bb4 26.Rd3 f6 27.Be3 b5 28.c5 Qc7 29.Rd7 Qe5
30.f4 Qc3 31.Bd4 Rcd8 32.Bxc3  1-0

[Event "World Cities"]
[Site "Jakarta "]
[Date "1997.??.??"]
[Round "8"]
[White "Elsness, Frode"]
[Black "Kosasih, Cecep"]
[Result "0-1"]
[WhiteElo "2350"]
[BlackElo "2320"]

1.d4 Nf6 2.c4 e6 3.Nf3 d5 4.Nc3 Be7 5.Bf4 O-O 6.e3 c6 7.Qc2 Re8 8.Rd1 Nbd7
9.h3 Nf8 10.Bd3 dxc4 11.Bxc4 b5 12.Bd3 Bb7 13.O-O Rc8 14.a3 Qb6 15.b4 a5
16.Qb2 axb4 17.axb4 Nd5 18.Nxd5 exd5 19.Bc2 Ra8 20.Ne5 Ra7 21.Nd3 Rea8 22.Bb3 Bc8
23.Rfe1 Bf5 24.Nc5 h6 25.f3 Bh4 26.Re2 Qd8 27.e4 Be6 28.e5 Bf5 29.g4 Bg6
30.Bd2 Ne6 31.f4 Nxc5 32.dxc5 Bd3 33.Re3 Bc4 34.Be1 Ra3 35.Rb1 d4 36.Bxh4 Qxh4
37.Qxd4 Rxb3 38.Rbxb3 Bxb3 39.Rxb3 Qe1+ 40.Kg2 Ra2+ 41.Rb2 Ra1 42.Qd8+ Kh7
43.Qd3+ g6 44.Rd2 Qg1+ 45.Kf3 Rf1+ 46.Ke4 Qh1+ 47.Kd4 Rxf4+ 48.Kc3 Rf3  0-1

[Event "Joensuu We JoeSK"]
[Site "Joensuu"]
[Date "1997.??.??"]
[Round "2"]
[White "Jouhki, Yrjo Markus"]
[Black "Birjukov, Sergei"]
[Result "1/2-1/2"]
[WhiteElo "2265"]
[BlackElo "2260"]

1.d4 d5 2.c4 e6 3.Nc3 Be7 4.Nf3 Nf6 5.Bf4 O-O 6.e3 c6 7.h3 Nbd7 8.Rc1 a6
9.c5 Ne4 10.Bd3 f5 11.Bh2 Qe8 12.O-O Bf6 13.b4 e5 14.dxe5 Nxe5 15.Nd4 Nxd3
16.Qxd3 Nxc3 17.Qxc3 Bd7 18.Rfe1 Qh5 19.Bd6 Rfe8 20.Qd3 Re4 21.f3 Ree8 22.a4 Be5
23.Bxe5 Rxe5 24.Qd2 g5 25.f4 Re4 26.Qf2 Rae8 27.Kh2 Kh8 28.g3 R8e7 29.Rc3 Qe8
30.Rd3 Rg7  1/2-1/2

[Event "Klatovy op-A"]
[Site "Klatovy"]
[Date "1997.??.??"]
[Round "?"]
[White "Lechtynsky, Jiri"]
[Black "Kacirek, Petr"]
[Result "1/2-1/2"]
[WhiteElo "2430"]
[BlackElo "2260"]

1.Nf3 d5 2.d4 Nf6 3.c4 e6 4.Nc3 Be7 5.Bf4 O-O 6.e3 b6 7.Be2 Bb7 8.h3 c5 9.O-O dxc4
10.dxc5 Bxc5 11.Bxc4 Nc6 12.Qe2 Qe7 13.Bg5 Bd6 14.Bd3 Ne5 15.Be4 Rac8 16.Nd2 Bb4
17.Bxf6 gxf6 18.Bxb7 Qxb7 19.Nde4 f5 20.Nf6+ Kg7 21.Nh5+ Kh8  1/2-1/2

[Event "Koge op"]
[Site "Koge"]
[Date "1997.??.??"]
[Round "2"]
[White "Sokolov, Ivan"]
[Black "Markos, Jan"]
[Result "1-0"]
[WhiteElo "2635"]
[BlackElo "2005"]

1.d4 Nf6 2.c4 e6 3.Nf3 d5 4.Nc3 Be7 5.Bf4 c6 6.e3 Nbd7 7.h3 a6 8.c5 O-O 9.Bd3 Re8
10.O-O Bxc5 11.dxc5 e5 12.Nxe5 Nxe5 13.Bc2 Nfd7 14.e4 Nxc5 15.exd5 Ng6 16.Bg3 f5
17.b4 Ne4 18.Nxe4 fxe4 19.dxc6 Qg5 20.Bb3+ Kh8 21.Qd5 Qe7 22.c7 Qxb4 23.Rad1 Be6
24.Qxe6 Rxe6 25.Bxe6 Qf8 26.Rd6 Ne7 27.Rfd1 Nc6 28.Rxc6 bxc6 29.Rb1 e3 30.fxe3  1-0

[Event "Cassovia op"]
[Site "Kosice"]
[Date "1997.??.??"]
[Round "?"]
[White "Berezin, Oleg"]
[Black "Harasta, Vladimir"]
[Result "0-1"]
[WhiteElo "2450"]
[BlackElo "2170"]

1.Nf3 Nf6 2.c4 e6 3.Nc3 d5 4.d4 Be7 5.Bf4 O-O 6.e3 c5 7.dxc5 Bxc5 8.a3 Nc6
9.Qc2 Qa5 10.Nd2 Be7 11.O-O-O e5 12.Nb3 Qb6 13.Bg5 dxc4 14.Bxc4 Na5 15.Bxf6 Nxb3+
16.Bxb3 Bxf6 17.Nd5 Qa5 18.Nxf6+ gxf6 19.Kb1 Rd8 20.Qe4 Rxd1+ 21.Rxd1 Qc7
22.Rc1 Qd8 23.Bc2 Be6 24.Qxh7+ Kf8 25.Bf5 Ke7 26.Bxe6 Kxe6 27.Qe4 Rc8 28.Rxc8 Qxc8
29.g4 Qh8 30.Qg2 Qh7+ 31.e4 Qh6 32.f3 Qe3 33.Qf1 Ke7 34.h4 Kf8 35.Qd1 Kg7
36.h5 b5 37.Ka2 a5 38.Qb3 Qe2 39.Qc3 a4 40.g5 Qc4+ 41.Qxc4 bxc4 42.gxf6+ Kh6
43.Kb1 Kxh5 44.Kc2 Kg5 45.Kc3 Kf4 46.Kxc4 Kxf3 47.b4 axb3 48.Kxb3 Kxe4 49.Kc4 Kf3
50.a4 e4 51.a5 e3 52.a6 e2 53.a7 e1=Q 54.a8=Q+ Qe4+ 55.Qxe4+ Kxe4 56.Kc3 Ke5
57.Kd3 Kxf6 58.Ke4 Kg5  0-1

[Event "RUS-Cup7"]
[Site "Kstovo"]
[Date "1997.??.??"]
[Round "2"]
[White "Ibragimov, Ildar"]
[Black "Ananchenko, Igori"]
[Result "1-0"]
[WhiteElo "2555"]
[BlackElo "2290"]

1.d4 d5 2.c4 e6 3.Nc3 Nf6 4.Nf3 Be7 5.Bf4 O-O 6.e3 b6 7.cxd5 exd5 8.Bd3 c5
9.Ne5 Bb7 10.O-O Nc6 11.Qf3 a6 12.Rfd1 c4 13.Bxc4 dxc4 14.Nxc6 Qd7 15.Nxe7+ Qxe7
16.d5 Rfe8 17.Bg5 Qe5 18.Bxf6 gxf6 19.Rd4 Rad8 20.Re4 Qc7 21.Rd1 Re5 22.Qxf6  1-0

[Event "Lazne Bohdanec"]
[Site "Lazne Bohdanec"]
[Date "1997.??.??"]
[Round "11"]
[White "Har Zvi, Ronen"]
[Black "Votava, Jan"]
[Result "1/2-1/2"]
[WhiteElo "2505"]
[BlackElo "2530"]

1.Nf3 d5 2.d4 Nf6 3.c4 e6 4.Nc3 Be7 5.Bf4 c6 6.e3 Nbd7 7.h3 O-O 8.Qc2 b6
9.cxd5 exd5 10.Bd3 Bb7 11.O-O  1/2-1/2

[Event "Anibal op 4th"]
[Site "Linares"]
[Date "1997.??.??"]
[Round "7"]
[White "Avrukh, Boris"]
[Black "Garcia, Gildardo"]
[Result "1-0"]
[WhiteElo "2520"]
[BlackElo "2485"]

1.d4 d5 2.c4 e6 3.Nc3 Nf6 4.Nf3 Be7 5.Bf4 O-O 6.e3 c5 7.dxc5 Bxc5 8.Qc2 Nc6
9.a3 Qa5 10.O-O-O Be7 11.Nd2 dxc4 12.Nxc4 Qc5 13.b4 Qh5 14.Be2 Qg6 15.Bd3 Qh5
16.h3 Nd5 17.g4 Qh4 18.Bg3 Qh6 19.Be4 Nxc3 20.Qxc3 Bf6 21.Qc2 a5 22.h4 axb4
23.Bf4 bxa3 24.Bxh6 a2 25.Kd2 gxh6 26.Ra1 Nb4 27.Qb3 Rd8+ 28.Ke2 Nd5 29.Kf3 b5
30.Na3 Bb7 31.Nxb5 Bxa1 32.Rxa1 f5 33.gxf5 exf5 34.Bxf5 Kg7 35.e4 Nf6 36.Nc7 Rab8
37.Ne6+ Kh8 38.Qc3 Rf8 39.Nxf8 Rxf8 40.Rxa2  1-0

[Event "Masters"]
[Site "Lisbon"]
[Date "1997.??.??"]
[Round "6"]
[White "Damaso, Rui"]
[Black "Alexandre, Jorge"]
[Result "1-0"]
[WhiteElo "2465"]
[BlackElo "2295"]

1.d4 d5 2.c4 e6 3.Nc3 Nf6 4.Nf3 Be7 5.Bf4 O-O 6.e3 b6 7.Bd3 Bb7 8.cxd5 exd5
9.Ne5 Nbd7 10.Qf3 Re8 11.O-O Bd6 12.Nxd7 Qxd7 13.Rfc1 c6 14.Rab1 Bxf4 15.Qxf4 a5
16.Na4 Qd8 17.Qh4 h6 18.Rc3 Nd7 19.Qxd8 Rexd8 20.Bf5 b5 21.Bxd7 bxa4 22.Bxc6 Bxc6
23.Rxc6 Rdb8 24.Kf1 a3 25.Rc3 Rxb2 26.Rxb2 axb2 27.Rb3 Rc8 28.Rxb2 a4 29.g3 a3
30.Rb3 Ra8 31.Rb5 Rc8 32.Rb3 Ra8 33.Ke2 Ra5 34.Kd2 g5 35.h3 h5 36.Rc3 Rb5
37.Rxa3 Rb2+ 38.Ke1 h4 39.gxh4 gxh4 40.Kf1 Kg7 41.Ra5 Kg6 42.Kg2 f5 43.Kf3 Kf6
44.a4 Ra2 45.Rxd5 Rxa4 46.Kf4  1-0

[Event "TSV Willsbach"]
[Site "Loewenstein"]
[Date "1997.??.??"]
[Round "1"]
[White "Doettling, Fabian"]
[Black "Schulzke, Erich"]
[Result "1/2-1/2"]
[WhiteElo "2310"]
[BlackElo "2285"]

1.d4 Nf6 2.c4 e6 3.Nf3 d5 4.Nc3 Be7 5.Bf4 O-O 6.e3 c6 7.Bd3 Nbd7 8.h3 a6
9.cxd5 exd5 10.O-O Re8 11.Rb1 Nf8 12.b4 Ng6 13.Bh2 Bd6 14.Bxd6 Qxd6 15.Qc2 Qe7
16.a4 b5 17.Rfe1 Ne4 18.Nd2 Nxd2 19.Qxd2 Nh4 20.Qe2 Qf6 21.Ra1 Bd7 22.Ra2 g6
23.axb5 axb5 24.Rxa8 Rxa8 25.Kh1 h5 26.f3 Qg5 27.Qf2 Ra3 28.Rc1 Bf5 29.Bf1 Bd7
30.Bd3 Bf5 31.Bf1 Bd7  1/2-1/2

[Event "Rheinhessen-ch H1 op"]
[Site "Mainz"]
[Date "1997.??.??"]
[Round "7"]
[White "Adams, Lothar"]
[Black "Noll, Paul"]
[Result "1/2-1/2"]
[WhiteElo "1801"]
[BlackElo "1870"]

1.c4 e6 2.Nc3 d5 3.d4 Nf6 4.Nf3 Be7 5.Bf4 O-O 6.e3 b6 7.cxd5 exd5 8.Bd3 Bb7
9.O-O Nbd7 10.Rc1 c5 11.Bb1 Nh5 12.dxc5 Nxf4 13.exf4 Nxc5 14.Re1 Bf6 15.Ne5 Re8
16.Bxh7+  1/2-1/2

[Event "CUB-ch"]
[Site "Matanzas"]
[Date "1997.??.??"]
[Round "2"]
[White "Vera, Reynaldo"]
[Black "Borges Mateos, Juan"]
[Result "1-0"]
[WhiteElo "2510"]
[BlackElo "2500"]

1.c4 e6 2.d4 d5 3.Nc3 Be7 4.Nf3 Nf6 5.Bf4 O-O 6.e3 c5 7.dxc5 Bxc5 8.Qc2 Nc6
9.a3 dxc4 10.Bxc4 Bd7 11.O-O Rc8 12.Rad1 Be7 13.e4 Qa5 14.e5 Nh5 15.Bc1 Rfd8
16.Qe2 g6 17.b4 Nxb4 18.axb4 Qxb4 19.Bb5 Bxb5 20.Nxb5 a6 21.Nbd4 Rd5 22.Be3 Qa4
23.Rc1 Rxc1 24.Rxc1 Qd7 25.Qb2 Bc5 26.g3 Ng7 27.Rb1 b6 28.Nc2 Nf5 29.Bxc5 Rxc5
30.Ncd4 Qd5 31.Nxf5 gxf5 32.Qxb6 Rc3 33.Ng5 h6 34.Qb8+ Kg7 35.Nxf7  1-0

[Event "Moscow-ch"]
[Site "Moscow"]
[Date "1997.??.??"]
[Round "4"]
[White "Notkin, Maksim"]
[Black "Shur, Mikhail"]
[Result "1-0"]
[WhiteElo "2515"]
[BlackElo "2365"]

1.d4 d5 2.c4 e6 3.Nf3 Nf6 4.Nc3 Be7 5.Bf4 O-O 6.e3 Nbd7 7.Qc2 c5 8.dxc5 Nxc5
9.O-O-O Qa5 10.Ng5 g6 11.h4 b5 12.cxb5 Nh5 13.Be2 Nxf4 14.exf4 Bb7 15.Kb1 Bf6
16.h5 Bxc3 17.hxg6 hxg6 18.bxc3 Ne4 19.Nxe4 dxe4 20.Qb2 e5 21.c4 Rfe8 22.fxe5  1-0

[Event "Moscow-ch (Women)"]
[Site "Moscow"]
[Date "1997.??.??"]
[Round "5"]
[White "Grabuzova, Tatiana"]
[Black "Dorofeeva, Anna"]
[Result "1/2-1/2"]
[WhiteElo "2315"]
[BlackElo "2285"]

1.d4 d5 2.c4 e6 3.Nc3 Nf6 4.Nf3 Be7 5.Bf4 O-O 6.e3 c6 7.Qc2 Nbd7 8.h3 Re8
9.Rd1 Nf8 10.Be2 Ng6 11.Bh2 b6 12.O-O Bb7 13.e4 dxe4 14.Nxe4 Nxe4 15.Qxe4 Qc8
16.Qc2 c5 17.dxc5 Bxc5 18.Bg3 e5 19.Qc3 Qf5 20.b4 Be7 21.c5 bxc5 22.bxc5 e4
23.Nd4 Qxc5 24.Qxc5 Bxc5 25.Nf5 Ne7 26.Nd6 Bxd6 27.Bxd6 Nf5 28.Bf4 Red8 29.Bc4 Rac8
30.Be3 Nxe3 31.fxe3 Rxd1 32.Rxd1 Bc6 33.Bb3 Kf8 34.Rd4 Ke7 35.g4 Bb7 36.Rb4 Rc7
37.Ra4 Bc6 38.Rc4 Kd6 39.Rd4+ Kc5 40.Rc4+ Kb5 41.Rd4 Kc5 42.Rc4+ Kb6 43.Rb4+ Kc5
44.Rc4+ Kb5 45.Rd4 Kc5  1/2-1/2

[Event "New York op"]
[Site "New York"]
[Date "1997.??.??"]
[Round "?"]
[White "Psakhis, Lev"]
[Black "Pelikian, Jefferson"]
[Result "1-0"]
[WhiteElo "2610"]
[BlackElo "2395"]

1.c4 Nf6 2.Nc3 e6 3.Nf3 d5 4.d4 Be7 5.Bf4 O-O 6.e3 dxc4 7.Bxc4 a6 8.Bd3 b5
9.a4 bxa4 10.O-O a3 11.bxa3 Nbd7 12.e4 Nh5 13.Be3 g6 14.Na4 Bb7 15.Qc2 Bd6
16.Rab1 Rb8 17.Nc5 Nxc5 18.dxc5 Bf4 19.c6 Bxe3 20.fxe3 Ba8 21.Bxa6 Rxb1 22.Rxb1 Qd6
23.Bb7 Qxa3 24.Qb3 Qc5 25.Ra1 Nf6 26.Bxa8 Nxe4 27.Qd3 Ng5 28.Nd2 Qe5 29.Qd4 Qf5
30.Bb7 e5 31.Qh4 e4 32.Qf4 Qd5 33.Nf1 Ne6 34.Qf6 Ng7 35.Qe7 Ne6 36.Rc1 Qf5
37.Rc2 Qg4 38.Rf2 h5 39.Bc8 Rxc8 40.h3 Qg5 41.Qxf7+  1-0

[Event "Nova Gorica op"]
[Site "Nova Gorica"]
[Date "1997.??.??"]
[Round "4"]
[White "Varga, Mariano"]
[Black "Marjanovic, Slavko"]
[Result "1/2-1/2"]
[WhiteElo "2275"]
[BlackElo "2070"]

1.d4 d5 2.c4 e6 3.Nc3 Be7 4.Nf3 Nf6 5.Bf4 O-O 6.e3 c6 7.Qc2 Re8 8.Bd3 dxc4
9.Bxc4 Nbd7 10.O-O Nb6 11.Bd3 Nbd5 12.Bg3 h6 13.a3 Nh5 14.Rad1 Nxg3 15.hxg3 Qa5
16.Ne2 Nf6 17.Ne5 c5 18.dxc5 Qxc5 19.Qxc5 Bxc5 20.Bb5 Rf8 21.Nc3 a6 22.Be2 b5
23.Bf3 Ra7 24.Rd2 Rc7 25.Rfd1 Bb7 26.Nd7 Nxd7 27.Bxb7 Rxb7 28.Rxd7 Rxd7 29.Rxd7 Rc8
30.Rd3 Kf8 31.Kf1 Ke7 32.Ke2 Rd8 33.Rxd8 Kxd8 34.Kd3 Kd7 35.a4 Kc6 36.axb5+ axb5
37.Ne4 Bb4 38.Nc3 Be7 39.Ne4 f5 40.Nc3 Bf6 41.Nd1 Kc5 42.f3 Kb4 43.Kc2 Be5
44.f4 Bf6 45.Nf2 Kc4 46.b3+ Kd5 47.Kd3 Kc5 48.Nd1 e5 49.Nf2 e4+ 50.Kd2 Kb4
51.Kc2 Bc3 52.Nh1 g6 53.g4 Be1 54.gxf5 gxf5 55.Kd1 Bh4 56.Kc2 Kc5 57.Kc3 b4+
58.Kd2 Kd5 59.Ke2 Ke6 60.Nf2 Kf7 61.Nd1 Bf6 62.Kf2 Kg6 63.Kg3 Kh5 64.Kh3 Bc3
65.Kg3 Be1+ 66.Kh3 Bd2 67.Kg3 Kg6 68.Kh4 Bc1 69.Kg3 Bd2 70.Kh4 Be1+ 71.Kh3 h5
72.Nb2 h4 73.Nd1 Kh5 74.Nb2 Bf2 75.Nd1 Be1 76.Nb2 Bd2 77.Nd1 Bc1 78.g3 hxg3
79.Kxg3 Bd2 80.Kh3 Kg6 81.Kg2 Kh6 82.Kh2 Kh5 83.Kh3 Bc1 84.Kg3 Bd2 85.Kh3 Be1
86.Nb2 Bc3 87.Nd1 Kg6 88.Kg2 Kf6 89.Kf2 Ke6 90.Ke2 Bf6 91.Nf2  1/2-1/2

[Event "ISR-ch U16"]
[Site "Petah Tiqwa"]
[Date "1997.??.??"]
[Round "2"]
[White "Postniy, Evgeny"]
[Black "Kustanovich, Michael"]
[Result "1/2-1/2"]
[WhiteElo "2190"]
[BlackElo "2210"]

1.d4 d5 2.c4 e6 3.Nc3 Be7 4.Nf3 Nf6 5.Bf4 O-O 6.e3 b6 7.cxd5 exd5 8.Bd3 Bb7
9.Ne5 c5 10.O-O Nbd7 11.Qf3 a6 12.Rad1 g6 13.h3 Qc8 14.Nxd7 Qxd7 15.Bg5 Qc6
16.Ne2 c4 17.Bc2 Rfe8 18.Nf4 b5 19.Qg3 Bf8 20.Qh4 Bg7 21.Rfe1 Qb6  1/2-1/2